MARC details
| 000 -LÍDER |
| campo de controle de tamanho fixo |
02028nam a22002897a 4500 |
| 001 - NÚMERO DE CONTROLE |
| campo de controle |
264 |
| 003 - IDENTIFICADOR DO NÚMERO DE CONTROLE |
| campo de controle |
OSt |
| 005 - DATA E HORÁRIO DA ÚLTIMA TRANSAÇÃO |
| campo de controle |
20250225100454.0 |
| 008 - CAMPO DE DADOS FIXOS--INFORMAÇÃO GERAL |
| campo de controle de tamanho fixo |
250225b |||||||g |||| 00| 0 eng d |
| 020 ## - ISBN - INTERNATIONAL STANDARD BOOK NUMBER |
| ISBN - International Standard Book Number |
9786550791377 |
| 040 ## - FONTE DA CATALOGAÇÃO |
| Idioma da catalogação |
por |
| 041 ## - CÓDIGO DE IDIOMA |
| Código do idioma do original e/ou traduções intermediárias do texto |
por |
| 082 ## - CDD - CLASSIFICAÇÃO DECIMAL DE DEWEY |
| Número de Classificação |
981.51 |
| Número do exemplar |
A168i |
| 100 ## - ENTRADA PRINCIPAL--NOME PESSOAL |
| Nome pessoal |
Academia Ibiaense de Letras |
| 9 (RLIN) |
487 |
| 245 ## - TÍTULO |
| Título |
Ibiá |
| Restante do título |
Crônicas e poesias contadas / |
| Indicação de responsabilidade, etc. |
Academia Ibiaense de Letras ; Ilustração de Paulo Sheid |
| 260 ## - PUBLICAÇÃO, DISTRIBUIÇÃO, ETC. |
| Local de publicação, distribuição, etc. |
Belo Horizonte |
| Nome do editor, distribuidor, etc. |
Páginas |
| Data da publicação, distribuição, etc. |
2022 |
| 300 ## - DESCRIÇÃO FÍSICA |
| Extensão |
214 p. |
| Outros detalhes físicos |
il. |
| 520 ## - NOTA DE RESUMO, ETC. |
| Resumo, etc. |
Este é um livro escrito por muitas mãos! Ditadas pelo coração, que pulsa caloroso, Buscando na memória, aspectos desta terra, Abençoada e feliz, solo fértil, dadivoso...<br/>Muitos aqui viveram, trabalharam e lutaram, Dando sua parcela de contribuição, Para que hoje nossos filhos,<br/>Aqui recebam educação, saúde e lazer!<br/>Sejam cidadãos preparados,<br/>Ciosos de seus deveres, Respeitando o meio ambiente, Buscando o Progresso, Com responsabilidade!<br/>Ibiá tem solo rico, Colheita abundante,<br/>Muito trabalho para seus filhos, E para irmãos de outras terras... Muita água de boa qualidade, Meios de transporte, boas estradas, Cidade com infraestrutura adequada! Muito ainda precisa ser feito... Não podemos estacionar.<br/>O mundo requer novos caminhos, Busca incessante de Progresso! Ibiá significa "Cabeceiras Altas”.<br/>A Academia Ibiaense de Letras presta nesta obra, uma pequena contribuição ao desenvolvimento de Ibiá, à preservação de sua memória e cultura.<br/>Agradecemos o Incentivo da Secretaria Municipal de Cultura, que encaminhou este Projeto para obtermos o investimento da Lei Federal Aldir Blanc!<br/>Agradecemos também aos Confrades e Confreiras da Academia Ibiaense de Letras que redigiram este Livro. |
| 650 #0 - ASSUNTO--TERMO TÓPICO |
| Cabeçalho tópico ou nome geográfico |
Literatura Brasileira |
| 9 (RLIN) |
205 |
| 650 #0 - ASSUNTO--TERMO TÓPICO |
| Cabeçalho tópico ou nome geográfico |
Escritores Ibiaenses |
| 9 (RLIN) |
480 |
| 650 #0 - ASSUNTO--TERMO TÓPICO |
| Cabeçalho tópico ou nome geográfico |
Causos |
| 9 (RLIN) |
481 |
| 650 #0 - ASSUNTO--TERMO TÓPICO |
| Cabeçalho tópico ou nome geográfico |
História |
| 9 (RLIN) |
116 |
| 655 #0 - TERMO DE ÍNDICE--GÊNERO E FORMA |
| Gênero/forma/ou termo foco |
Crônicas |
| 655 #0 - TERMO DE ÍNDICE--GÊNERO E FORMA |
| Gênero/forma/ou termo foco |
Poesia |
| 700 ## - ENTRADA ADICIONADA - NOME PESSOAL |
| Nome pessoal |
Paulo Sheid |
| Função do autor por extenso |
Ilustração |
| 9 (RLIN) |
491 |
| 942 ## - ELEMENTOS DE ENTRADA ADICIONADOS (KOHA) |
| Fonte de classificação ou esquema de arquivamento |
Classificação decimal de Dewey |
| Ocultar no OPAC |
Não |
| Tipo de material Koha |
Livros |